000 0600022 a220048100 4500
999 _c65029
_d65029
001 768714001
003 O-MdFUSB
005 20201109123642.0
006 m o d |
007 cr cnu||||||||
008 190425s2012 xx o ||||0 spa d
020 _a9788499453255
_q(electronic bk.)
020 _z9788499451411
040 _aMiAaPQ
_beng
_erda
_epn
_cCO-MdFUSB
_dMiAaPQ
041 _aspa
082 0 _a221.61
100 1 _aSicre, José Luis.
245 1 0 _aIntroducción al antiguo testamento.
_c/ José Luis Scicre.
264 1 _aNavarra :
_bEditorial Verbo Divino,
_c2012.
264 4 _c©2012.
300 _a1 Recurso en linea (440 páginas)
_c;
336 _atexto
_btxt
_2rdacontent
337 _bc
_2rdamedia
338 _bcr
_2rdacarrier
505 0 _aIntroducción al antiguo testamento -- Página Legal -- Índice -- Presentación de la primera edición -- Prólogo. Veinte años después -- Tema I -- 1 Problemas que planteael Antiguo Testamento -- 1. La base de todos los conflictos -- 2. Los problemas de la historia -- 3. Los problemas morales -- 4. El conflicto entre la Biblia y las ciencias naturales -- 5. Problemas teológicos -- 2 Valores del Antiguo Testamento -- 1. El Antiguo Testamento ayuda a conocer a Dios -- 2. El ejemplo de unos hombres -- 3. La dimensión sociopolítica -- 4. La actividad, el mensaje y la persona de Jesús -- 5. Advertencia final -- 3 Seis cuestiones elementales -- 1. ¿Qué es el Antiguo Testamento? -- 2. ¿Cómo se llevó a cabo la selección? -- 3. Clasificación de los libros del Antiguo Testamento -- 4. ¿En qué idioma se escribieron los libros? -- 5. ¿Cómo han llegado hasta nosotros? -- 6. Traducciones antiguas del Antiguo Testamento -- 7. Nota bibliográfica -- Tema II -- 4 Los narradorese historiadores de Israel -- 1. Importancia de la historia en Israel -- 2. Diversas concepciones de la historia -- 3. Principales géneros literarios en los libros narrativos -- 4. Bibliografía -- 5 Introducción al Pentateuco -- 1. Nombre -- 2. Contenido -- 3. Autor: ¿escribió Moisés el Pentateuco? -- 4. Argumentos contra la teoría tradicional -- 5. Bibliografía -- 6 Estado actualde la investigaciónsobre el Pentateuco -- 1. La teoría de las cuatro fuentes -- 2. La dura reacción de Rolf Rendtorff -- 3. La propuesta de Erhard Blum -- 4. Otros puntos de vista -- 5. Bibliografía -- 7 Abrahán (Gn 11,27-25,11) -- 1. ¿Cómo leer estos capítulos? -- 2. Análisis de algunos pasajes y temas -- 3. Abrahán como modelo -- 4. Bibliografía -- 8 La primera teologíade la liberación (Ex 1-15) -- 1. El pueblo -- 2. El faraón -- 3. Moisés -- 4. Dios -- 9 Un viaje nada turístico(Ex 15,22-18,27).
505 8 0 _a1. Leyendo el texto: las etapas -- 2. Los temas -- 3. Los protagonistas -- 10 Las leyes de Israel -- 1. Importancia y dificultad del tema -- 2. El toro de Zacarías -- 3. ¿Dónde surgen las leyes? -- 4. ¿Por qué se multiplican las leyes? -- 5. ¿Cómo se formulan las leyes? -- 6. Recopilación de las leyes -- 7. Pequeña historia de la legislación de Israel -- 8. Bibliografía -- Tema III -- 11 Una historia en cuatro actos -- 1. La larga historia de un libro -- 2. Ficción y realidad -- 12 La investigación sobre laHistoria deuteronomista -- 1. La tradición antigua -- 2. Los precursores -- 3. La primera mitad del siglo XX -- 4. Martin Noth entra en escena -- 5. Reacciones a la teoría de Noth -- 6. Bibliografía -- 13 Leyendo la Historia -- 1. Textos selectos de la Historia deuteronomista -- 2. Historia de la subida de David al trono(1 Sm 16-2 Sm 9) -- 3. Bibliografía -- Tema IV -- 14 La compleja imagendel profeta -- 1. Diferencias entre los profetas -- 2. Diversas imágenes del profeta -- 3. Los rasgos esenciales del profeta -- 4. Bibliografía -- 15 La palabra profética -- 1. Fuerza y debilidad de la palabra profética -- 2. Los géneros literarios -- 3. Bibliografía -- 16 Los libros proféticos -- 1. A la busca y captura de los libros proféticos -- 2. La formación de los libros proféticos -- 17 Historia del movimientoprofético (I):de los orígenes a Amós -- 1. ¿Hubo profetas desde los comienzos de Israel? -- 2. La época de los Jueces -- 3. Desde los orígenes de la monarquía hasta Amós -- 4. Elías y Eliseo -- 5. Bibliografía -- 18 Historia del movimientoprofético (II):de Amós al destierro -- 1. La novedad del siglo VIII -- 2. Amós -- 3. Isaías -- 4. El siglo VII -- 5. Jeremías -- 6. Bibliografía -- 19 Historia del movimientoprofético (III): del destierroal final de la profecía -- 1. Ezequiel, un profeta entre dos épocas.
505 8 0 _a2. Deuteroisaías, profeta del consuelo -- 3. La profecía a finales del siglo VI: el enigma del futuro -- 4. Los siglos V-III: la marcha hacia el silencio -- 5. El silencio -- Tema V -- 20¡ Mujeres!Introducción a la figuradel sabio de Israel -- 21 El fenómeno sapiencial -- 22 El libro de Job -- 23 Incursión por la poesíade Israel -- 24 Los orígenes de Israel -- 25 La monarquía -- 26 Del exilioa la conquista de Roma -- 27 Bibliografía sobre el Tema VI.
516 _atexto electrónico
538 _aAcceso a Internet; requiere usuario y clave asignada por la biblioteca.
588 _aUna descripción basada en metadatos suministrados por el editor y otras fuentes.
650 0 _aBible. -- Old Testament -- Introductions.;Biblia. -- Antiguo Testamento -- Introducción.
655 4 _aLibro electrónico.
776 0 8 _iVersión impresa:
_aSicre, José Luis
_tIntroducción al antiguo testamento
_dNavarra : Editorial Verbo Divino,c2012
_z9788499451411
856 4 0 _uhttps://ebookcentral.proquest.com/lib/unisbcsp/detail.action?docID=3222981
_zAbrir versión electrónica del libro Aquí
942 _cBK
945 _aAEM-53